| 000 | 01187nam a2200313 a 4500 | ||
|---|---|---|---|
| 001 | 000114707 | ||
| 003 | CHAP | ||
| 005 | 20220329144454.0 | ||
| 008 | 180322s2017 mx |sm |||||||spa d | ||
| 010 | _a111168 | ||
| 011 | _a112140 | ||
| 040 | _cCHAP | ||
| 090 | _aTesis | ||
| 100 | 1 |
_aRodríguez González, José Alberto _9134964 |
|
| 245 | 1 | 0 |
_aLogística de exportación del espárrago (Asparagus officinalis L.) como alternativa económica y su producción en regiones cafetaleras _h[En línea] _cpor José Alberto Rodríguez González. |
| 260 |
_aChapingo, Méx. : _bEl autor, _c2017. |
||
| 500 | _aPara ver el contenido del material haga clic en la liga | ||
| 502 | _aTesis (Ing. Agr. Esp. en Fitotecnia) -- UACH. Departamento de Fitotecnia | ||
| 590 |
_aE6337LMJ _b05 _c20180322 _lUCH01 _h1350 |
||
| 590 |
_aE6337LMJ _b05 _c20180322 _lUCH01 _h1350 |
||
| 650 | 1 | 4 |
_aEspárrago _xAspectos económicos. _938108 |
| 650 | 1 | 4 |
_aEspárrago _xCultivo. _9134965 |
| 650 | 1 | 4 |
_aEspárrago _xMercadeo. _938112 |
| 650 | 1 | 4 |
_aEspárrago _xRendimiento. _938114 |
| 856 |
_aFinding aid _uhttp://10.13.5.2/tesis/sist114707.pdf _zTeclea aquí |
||
| 901 | _aBK | ||
| 942 | _cTESIS | ||
| 942 | _n0 | ||
| 999 |
_c111168 _d111168 |
||